Statistics for Geography A-Z #1

Click here to take the quiz!

General Stats

  • This quiz has been taken 63 times
  • The average score is 17 of 25

Answer Stats

QuestionHintAnswer% Correct
It is the oldest and deepest lake in the world.BBaikal
95%
The capital of this autonomous territory is Nuuk.GGreenland
93%
One of the six states of the Commonwealth of Australia.QQueensland
93%
Basic, territorial administrative unit of Switzerland.CCanton
91%
There are two countries on the island: one with the capital in Port-au-Prince and the other in Santo Domingo.HHispaniola
91%
Transylvania is in this country.RRomania
91%
Tourism is the backbone of the city's economy and is the main source of employment and income for the city's inhabitants. For example, the very old and respected profession of gondolier, which used to be the basis of urban transport, in modern times serves mainly the tourist clientele.VVenice
89%
The island of Socotra belongs to this country.YYemen
88%
In the years 1896–2015 - Mount McKinley.DDenali
86%
Language spoken in the area of Tanzania, Kenya, Uganda, Congo, Rwanda, Burundi, Somalia and Comoros.SSwahili
86%
It was the first and longest existing European colony in China.MMacau
84%
It is, together with Liechtenstein, a double landlocked country.UUzbekistan
84%
The islands are under British administration, but Argentina also claims.FFalklands
82%
This language is the most spoken language in South Africa (24% of citizens)ZZulu
82%
Language spoken in South Indian state (60 million) and Ceylon (4 million).TTamil
77%
Currently, the city is under construction of the world's first skyscraper measuring more than a kilometer.JJeddah
65%
The river flows from Mount Kajlas in the Transhimalayas north of Mapam Yumco Lake. It is 3,180 kilometers long.IIndus
56%
The island is the most linguistically diverse corner of the world. The main contact languages are Malay, Tok Pisin and Hiri Motu.NNew Guinea
53%
A river in Central Europe, in the Czech Republic, Poland and Germany. In terms of total length, it is the second (after the Vistula) river in Poland.OOder
51%
Polish climber Jerzy Kukuczka died while conquering this mountain peak.LLhotse
28%
City in northeastern Greece, in the decentralized administration of Macedonia-ThraceXXanthi
23%
River - Hēilóng Jiāng. Literally meaning: "River of the Black Dragon".AAmur
21%
Together with the cities of Patan and Bhaktapur, it forms an agglomeration of over a million inhabitants. The city is bordered by rivers - Bishumati to the west and Bagmati to the south and east.KKathmandu
21%
Between 3 and 5 April 2010, there were approximately 3,000 weak earthquakes with the epicenter around the volcano. The earthquake did not cause casualties, although the volcanic ash significantly disrupted air traffic throughout Europe.EEyjafjallajökull
19%
Is the largest hill within the Mid-Atlantic Ridge and the highest peak in Portugal.PPico
7%

Score Distribution

Percentile by Number Answered

Percent of People with Each Score

Your Score History

You have not taken this quiz